| 000 | 00571 a2200193 4500 | ||
|---|---|---|---|
| 003 | Nust | ||
| 005 | 20170207153439.0 | ||
| 010 | _a 76012803 | ||
| 020 | _a0201072440 | ||
| 040 | _cNust | ||
| 082 | 0 | 0 | _a621.38 |
| 100 | 1 | _aStremler, Ferrel G. | |
| 245 | 1 | 0 |
_aIntroduction to communication systems / _cFerrel G. Stremler. |
| 260 |
_aReading, Mass. : _bAddison-Wesley Pub. Co., _cc1977. |
||
| 300 |
_axii, 562 p. : _bill. ; _c25 cm. |
||
| 490 | 0 | _aAddison-Wesley series in electrical engineering | |
| 650 | 0 | _aSignal theory (Telecommunication) | |
| 650 | 0 | _aTelecommunication. | |
| 942 |
_2ddc _cBK |
||
| 999 |
_c186455 _d186455 |
||